00602pam a2200169 a 4500020001500000040000800015082002600023100002100049245006500070250001200135260005700147300003300204500007400237650002900311650003800340710005400378 a0801845300 cDLC00a338 JOH 1992 A015 Or.1 aAustin, James E.10aAgroindustrial project analysis :bcritical design factors / a2nd ed. aBaltimore :bJohns Hopkins University Press,cc1992. axi, 258 p. :bill. ;c24 cm. a"Published for the Economic Development Institute of the World Bank." 0aAgricultural industries. 0aAgricultural development projects2 aEconomic Development Institute (Washington, D.C.)